000 00744nam a2200193Ia 4500
003 GCL
008 140319s9999 xx 000 0 ara d
040 _aGCL /
_cGCL
082 0 4 _a910.133
_bم ج
100 1 _aانور عبدالغنى العقاد
245 1 0 _aالجفرافيا الاقتصادية القسم الاول الموارد الزراعية والحيوانية /
_cانور عبدالغنى العقاد
700 1 _aمحمد عبدالحميد الحمادى
260 _aالرياض :
_bدار المريخ للنشر ،
_c1985
300 _a345 ص ؛
_c240سم
650 0 4 _aالزراعة
650 0 4 _aالجغرافيا الاقتصادية
650 0 4 _aالموارد الاقتصادية
942 _2ddc
_cBK
999 _c51699
_d51699